000 00696nam a2200217 i 4500
001 11120
003 ES-MaACL
005 20250822063109.0
008 931006s1992 sp 00100 spa
020 _a84-85741-77-3
080 _a791.43(44)
100 1 _aVillegas López, Manuel,
_d1906-1980
_9115221
245 1 0 _aEn el esplendor del cine francés /
_cManuel Villegas López.
260 _aMadrid :
_bJ.C.,
_c[1992]
300 _a254 p ;
_c20 cm.
490 1 _aObras completas de Manuel Villegas López ;
_v10
650 1 4 _aCine-
_zFrancia.
_9171026
830 1 _aObras completas de Manuel Villegas López ;
_v10
_9178950
852 _aES-MaACL
_jL-18369
999 _c11120
_d11120